00530nam a2200229Ia 450000500170000000800460001702000180006303700100008104000080009104000080009904000080010704100080011504100080012308400080013110000210013924500420016026000230020226000090022536500050023436500080023985600530024720260324120559.0008 260324s9999 xx 000 0 eng d a9781315632728 aEBOOK aCRL beng cCRL 2eng aeng qCRL aPatrick M. Regan 4aThe Politics of Global Climate Change bTaylor and Francis c2015 a b280 uhttp://www.taylorfrancis.com/books/9781315632728